[Event "Ïåðâåíñòâî Ìîñêâû ïî øàõìàòàì"]
[Site "Ìîñêâà, ÌÃÈÌÎ ïð. Âåðíàäñêîãî,"]
[Date "2018.11.23"]
[Round "7.19"]
[White "Sarkisyan, Sarkis"]
[Black "Panichkin, Aleksey"]
[Result "1-0"]
[WhiteElo "1327"]
[BlackElo "1233"]
[PlyCount "135"]
[EventDate "2018.11.18"]

1. d4 Nf6 2. Bf4 d5 3. Nf3 Bf5 4. e3 e6 5. Be2 Be7 6. c4 dxc4 7. Bxc4 O-O 8.
O-O Nbd7 9. Nc3 c5 10. Nh4 Bg6 11. Nxg6 hxg6 12. h3 Rc8 13. d5 exd5 14. Nxd5
Nb6 15. Nxe7+ Qxe7 16. Qb3 Nxc4 17. Qxc4 Rfd8 18. Rad1 Ne4 19. Rfe1 b6 20. f3
Ng5 21. e4 Ne6 22. Be3 Qf6 23. Qc3 Nd4 24. Rd2 Qh4 25. Bf2 Qg5 26. Kh1 Ne6 27.
Be3 Qg3 28. Bf2 Qg5 29. Be3 Qg3 30. Bf2 Qg5 31. Be3 Qh5 32. Red1 Qh4 33. Bf2
Qg5 34. Rd5 Qe7 35. Qd2 Rxd5 36. exd5 Rd8 37. Qe1 Qd7 38. d6 Nd4 39. Bxd4 Qxd6
40. Rd3 cxd4 41. Qe4 Qc5 42. Qh4 Qc1+ 43. Kh2 g5 44. Qf2 Qf4+ 45. Kh1 Qe5 46.
Qd2 Qc5 47. b4 Qc4 48. a3 b5 49. Qxg5 Rc8 50. Qd2 Qc1+ 51. Qxc1 Rxc1+ 52. Kh2
Rc4 53. Kg3 g5 54. Kg4 f6 55. Kf5 Kg7 56. Ke4 Rc2 57. g4 Rh2 58. Rxd4 Rxh3 59.
Rd7+ Kg6 60. Rxa7 Rh2 61. Ra5 Ra2 62. f4 Re2+ 63. Kf3 Re1 64. fxg5 fxg5 65.
Rxb5 Ra1 66. Ra5 Rb1 67. b5 Rb3+ 68. Ke4 1-0

[Event "Ïåðâåíñòâî Ìîñêâû ïî øàõìàòàì"]
[Site "Ìîñêâà, ÌÃÈÌÎ ïð. Âåðíàäñêîãî,"]
[Date "2018.11.23"]
[Round "7.20"]
[White "Novikov, Fedor"]
[Black "Tetyuev, Stepan"]
[Result "0-1"]
[WhiteElo "1432"]
[BlackElo "1431"]
[PlyCount "62"]
[EventDate "2018.11.18"]

1. e4 c5 2. c4 Nc6 3. Nc3 Nd4 4. Nge2 g6 5. Nxd4 cxd4 6. Ne2 Bg7 7. d3 e6 8. g3
Ne7 9. Bg2 Nc6 10. O-O d6 11. f4 Bd7 12. a3 O-O 13. b4 Qb6 14. Qe1 Rfe8 15. Qf2
a6 16. h3 Re7 17. g4 Kh8 18. Ng3 Rae8 19. f5 exf5 20. gxf5 gxf5 21. Nxf5 Bxf5
22. Qxf5 Ne5 23. Bg5 Re6 24. Rad1 Rg6 25. Kh1 Qc7 26. Bh4 Rg8 27. Qf2 Qd7 28.
Qc2 Rh6 29. Bg3 Qg4 30. Bxe5 Bxe5 31. Rf3 Qxf3 0-1

[Event "Ïåðâåíñòâî Ìîñêâû ïî øàõìàòàì"]
[Site "Ìîñêâà, ÌÃÈÌÎ ïð. Âåðíàäñêîãî,"]
[Date "2018.11.23"]
[Round "7.21"]
[White "Belyaev, Fedor"]
[Black "Urusov, German"]
[Result "0-1"]
[WhiteElo "1332"]
[BlackElo "1331"]
[PlyCount "106"]
[EventDate "2018.11.18"]

1. e4 c5 2. Nf3 e6 3. d4 cxd4 4. Nxd4 a6 5. Nc3 Qc7 6. Be3 Bb4 7. Bd2 Nf6 8.
Bd3 O-O 9. O-O Be7 10. Bg5 d6 11. Re1 Nbd7 12. Kh1 b5 13. a3 Bb7 14. f3 Rac8
15. Qe2 Rfd8 16. Qf2 Nf8 17. Rad1 Ng6 18. Be3 d5 19. exd5 Nxd5 20. Nxd5 Bxd5
21. c3 Ne5 22. Bc2 Nc4 23. Bb3 Bc5 24. Bxc4 Bxc4 25. Nc2 Bxe3 26. Nxe3 Bb3 27.
Rxd8+ Rxd8 28. Nc2 Bxc2 29. Qxc2 Qd6 30. Kg1 Qd2 31. Rc1 Kf8 32. Kf1 Ke7 33. h3
Rd5 34. b4 Qxc2 35. Rxc2 Rd1+ 36. Ke2 Ra1 37. c4 bxc4 38. Rc3 Kd6 39. Ke3 Kd5
40. h4 h5 41. f4 f5 42. g3 g6 43. Ke2 Kd4 44. Kd2 Ra2+ 45. Rc2 c3+ 46. Kd1 Rxa3
47. Ke2 Rb3 48. Kd1 Kd3 49. Kc1 Rxb4 50. g4 Rb2 51. g5 Rxc2+ 52. Kd1 a5 53. Ke1
a4 0-1

[Event "Ïåðâåíñòâî Ìîñêâû ïî øàõìàòàì"]
[Site "Ìîñêâà, ÌÃÈÌÎ ïð. Âåðíàäñêîãî,"]
[Date "2018.11.23"]
[Round "7.22"]
[White "Samarov, Vladimir"]
[Black "Kondrashev, Kirill"]
[Result "1-0"]
[WhiteElo "1272"]
[BlackElo "1523"]
[PlyCount "147"]
[EventDate "2018.11.18"]

1. d4 d5 2. c4 e6 3. Nf3 Nf6 4. g3 Be7 5. Bg2 O-O 6. O-O dxc4 7. Qc2 a6 8. a4
Bd7 9. Qxc4 Bc6 10. Rd1 a5 11. Bg5 Nd5 12. Bxe7 Qxe7 13. Ne5 Nb4 14. Nxc6 N8xc6
15. e3 Rfd8 16. Nc3 h6 17. Ne4 Rab8 18. Nc5 Qe8 19. Rac1 Rd6 20. Nd3 Nxd3 21.
Rxd3 Nb4 22. Rdd1 c6 23. Qc5 Qd8 24. Qh5 Rc8 25. h4 b6 26. Bf1 c5 27. dxc5 Rxc5
28. Rxd6 Qxd6 29. Rxc5 bxc5 30. Qe2 Qe5 31. Qb5 Qc7 32. b3 Kf8 33. Bg2 Ke7 34.
Qe2 Qc8 35. Qb5 Qc7 36. Qc4 Qe5 37. Qb5 Qc7 38. Bf3 Nd5 39. Bxd5 exd5 40. Qd3
Ke6 41. Qa6+ Ke7 42. Qa8 Ke6 43. Qe8+ Kf6 44. Qa8 Ke6 45. Qa6+ Ke7 46. Qd3 Ke6
47. g4 c4 48. Qf5+ Kd6 49. Qf4+ Kc6 50. Qd4 cxb3 51. Qc3+ Kd6 52. Qxb3 Qc4 53.
Qb8+ Qc7 54. Qf8+ Ke6 55. Qxg7 Qc1+ 56. Kg2 d4 57. Qxd4 Qc6+ 58. e4 Qc7 59.
Qd5+ Ke7 60. g5 Qf4 61. Qc5+ Ke8 62. Qc8+ Ke7 63. Qb7+ Ke6 64. Qc6+ Ke7 65.
Qf6+ Qxf6 66. gxf6+ Kxf6 67. f4 Ke6 68. Kf3 h5 69. Ke3 f6 70. Kd4 Kd6 71. f5
Kd7 72. Kd5 Ke7 73. e5 fxe5 74. Kxe5 1-0

[Event "Ïåðâåíñòâî Ìîñêâû ïî øàõìàòàì"]
[Site "Ìîñêâà, ÌÃÈÌÎ ïð. Âåðíàäñêîãî,"]
[Date "2018.11.23"]
[Round "7.23"]
[White "Kotelnikov, Konstantin"]
[Black "Iakushkov, Pavel"]
[Result "1/2-1/2"]
[WhiteElo "1370"]
[BlackElo "1656"]
[PlyCount "72"]
[EventDate "2018.11.18"]

1. e4 c5 2. Nf3 d6 3. d4 cxd4 4. Nxd4 Nf6 5. Nc3 g6 6. Be3 Bg7 7. f3 O-O 8. Qd2
Nc6 9. Bc4 Bd7 10. O-O-O Rc8 11. Bb3 Ne5 12. Kb1 Nc4 13. Bxc4 Rxc4 14. g4 b5
15. h4 b4 16. Nd5 Nxd5 17. exd5 f5 18. Nc6 Bxc6 19. dxc6 Qa5 20. Bh6 Rd4 21.
Qe3 Rxd1+ 22. Rxd1 Bxh6 23. Qxh6 Qe5 24. b3 f4 25. Qg5 Qxg5 26. hxg5 Rc8 27.
Rd4 Rxc6 28. Rxf4 a5 29. Kc1 Rc3 30. Kd2 Rc5 31. Re4 Kf7 32. f4 Rd5+ 33. Ke2
Rc5 34. Kd2 Rd5+ 35. Ke2 Rc5 36. Kd2 Rd5+ 1/2-1/2

[Event "Ïåðâåíñòâî Ìîñêâû ïî øàõìàòàì"]
[Site "Ìîñêâà, ÌÃÈÌÎ ïð. Âåðíàäñêîãî,"]
[Date "2018.11.24"]
[Round "8.1"]
[White "Kolesov, Gordey"]
[Black "Osipenko, Ivan"]
[Result "1/2-1/2"]
[WhiteElo "1823"]
[BlackElo "1638"]
[PlyCount "105"]
[EventDate "2018.11.18"]

1. d4 d6 2. Nf3 Nf6 3. Bf4 g6 4. e3 Bg7 5. h3 O-O 6. Be2 Nfd7 7. c4 e5 8. dxe5
dxe5 9. Bg5 Qe8 10. Nc3 Nc5 11. Nd5 Ne6 12. Nf6+ Bxf6 13. Bxf6 e4 14. Nd4 Nd7
15. Nxe6 Qxe6 16. Bc3 f6 17. O-O Ne5 18. Qd4 Nc6 19. Qd2 Rd8 20. Qc2 b6 21.
Rfd1 Bb7 22. Rd5 Ne5 23. Bxe5 Rxd5 24. cxd5 Qxe5 25. Rd1 Rd8 26. Rd4 Kf8 27.
Rxe4 Qxd5 28. Bf3 Qd2 29. Qxd2 Rxd2 30. Rb4 Bxf3 31. gxf3 Ke7 32. a4 a5 33. Rb3
Kd6 34. Kf1 Rd1+ 35. Kg2 Ra1 36. Rd3+ Ke6 37. b3 Rb1 38. Kh2 c6 39. Rc3 Kd6 40.
Rd3+ Kc7 41. Rc3 Rd1 42. Kg3 Kd6 43. f4 Rd5 44. Kf3 b5 45. axb5 Rxb5 46. Kg3
Rb4 47. Kf3 c5 48. Ke2 Kd5 49. Kd2 c4 50. bxc4+ Rxc4 51. Ra3 a4 52. Kd3 f5 53.
f3 1/2-1/2

[Event "Ïåðâåíñòâî Ìîñêâû ïî øàõìàòàì"]
[Site "Ìîñêâà, ÌÃÈÌÎ ïð. Âåðíàäñêîãî,"]
[Date "2018.11.24"]
[Round "8.2"]
[White "Krivenko, Dmitry"]
[Black "Israfilov, Ali"]
[Result "1/2-1/2"]
[WhiteElo "1887"]
[BlackElo "1904"]
[PlyCount "93"]
[EventDate "2018.11.18"]

1. d4 Nf6 2. g3 g6 3. Bg2 d5 4. c4 Bg7 5. Nd2 O-O 6. Ngf3 c6 7. O-O Nbd7 8. b3
e6 9. h3 Re8 10. Bb2 Ne4 11. Ne5 Nxd2 12. Qxd2 Nxe5 13. dxe5 dxc4 14. Qc2 Qc7
15. f4 cxb3 16. axb3 Bd7 17. Rfd1 Rac8 18. Kh2 b6 19. Rd2 c5 20. Qe4 a5 21. Rd6
Bf8 22. Rad1 Bb5 23. h4 Rcd8 24. h5 Bg7 25. Qe3 Qe7 26. Qd2 Rb8 27. Bc6 Bxc6
28. Rxc6 gxh5 29. Rd6 Rb7 30. Qc3 Rbb8 31. Rd7 Qf8 32. Qd3 Re7 33. Rd6 f6 34.
exf6 Bxf6 35. Bxf6 Qxf6 36. Qf3 Rg7 37. Qxh5 Kh8 38. Rd7 Rbg8 39. Rxg7 Qxg7 40.
Qf3 Qh6+ 41. Kg2 Qf6 42. Rd7 Qg6 43. Rb7 h5 44. Rxb6 h4 45. g4 Qxg4+ 46. Qxg4
Rxg4+ 47. Kh3 1/2-1/2

[Event "Ïåðâåíñòâî Ìîñêâû ïî øàõìàòàì"]
[Site "Ìîñêâà, ÌÃÈÌÎ ïð. Âåðíàäñêîãî,"]
[Date "2018.11.24"]
[Round "8.3"]
[White "Andreev, Konstantin"]
[Black "Amirdzhanyan, Vladimir"]
[Result "1-0"]
[WhiteElo "1589"]
[BlackElo "1601"]
[PlyCount "73"]
[EventDate "2018.11.18"]

1. Nf3 Nf6 2. c4 g6 3. d4 Bg7 4. g3 d6 5. Bg2 O-O 6. O-O Nbd7 7. Nc3 e5 8. e4
Re8 9. h3 c6 10. Be3 Qc7 11. Qd2 Nh5 12. Rad1 f5 13. exf5 gxf5 14. dxe5 dxe5
15. Rfe1 Nb6 16. Bxb6 axb6 17. Qg5 Nf6 18. Nh4 h6 19. Qg6 Qf7 20. Qxf7+ Kxf7
21. b3 Be6 22. Na4 Nd7 23. Re2 Red8 24. Bf3 e4 25. Bh5+ Kf6 26. Red2 Kg5 27.
Be2 Bf6 28. f4+ exf3 29. Bxf3 f4 30. Ng2 fxg3 31. h4+ Kf5 32. Be2 Kg6 33. Nf4+
Kf7 34. Nxe6 Kxe6 35. Bg4+ Ke5 36. Bxd7 Bxh4 37. Nxb6 1-0

[Event "Ïåðâåíñòâî Ìîñêâû ïî øàõìàòàì"]
[Site "Ìîñêâà, ÌÃÈÌÎ ïð. Âåðíàäñêîãî,"]
[Date "2018.11.24"]
[Round "8.4"]
[White "Godzhurov, Lidzhi"]
[Black "Isaykin, Valery"]
[Result "0-1"]
[WhiteElo "1790"]
[BlackElo "1417"]
[PlyCount "126"]
[EventDate "2018.11.18"]

1. d4 d5 2. Nf3 Nf6 3. g3 g6 4. Bg2 Bg7 5. c4 O-O 6. O-O dxc4 7. Ne5 c6 8. Nc3
Be6 9. e4 Nbd7 10. Nf3 Bg4 11. Qe2 Nb6 12. Rd1 e6 13. h3 Bxf3 14. Bxf3 Ne8 15.
d5 cxd5 16. exd5 Bxc3 17. bxc3 exd5 18. Ba3 Nc7 19. Bxf8 Kxf8 20. Qe5 f6 21.
Qe3 Qe7 22. Qxe7+ Kxe7 23. a4 Kd6 24. a5 Nd7 25. Rab1 Ne5 26. Be2 Kc6 27. f4
Nd7 28. Bf3 b5 29. Re1 Kd6 30. Re3 Nc5 31. Rbe1 Nd3 32. Rd1 a6 33. Be2 Nc5 34.
Bf1 f5 35. Bg2 Ne4 36. Bxe4 Re8 37. g4 Rxe4 38. Rxe4 fxe4 39. Kf2 Ne6 40. f5
gxf5 41. gxf5 Nf4 42. Ke3 Nh5 43. Kd4 Ng3 44. Ke3 Nxf5+ 45. Kf4 Nh4 46. Rg1
Ng6+ 47. Ke3 Kc5 48. Rg5 Ne7 49. Rh5 h6 50. Kd2 b4 51. cxb4+ Kd4 52. h4 c3+ 53.
Kc2 e3 54. Rxh6 Nf5 55. Re6 Ng3 56. b5 Ne4 57. b6 e2 58. b7 e1=Q 59. b8=Q Qd2+
60. Kb1 c2+ 61. Ka2 c1=Q+ 62. Kb3 Qdb2+ 63. Ka4 Qca1# 0-1

[Event "Ïåðâåíñòâî Ìîñêâû ïî øàõìàòàì"]
[Site "Ìîñêâà, ÌÃÈÌÎ ïð. Âåðíàäñêîãî,"]
[Date "2018.11.24"]
[Round "8.5"]
[White "Korolev, Kirill O"]
[Black "Kishiev, Famil"]
[Result "0-1"]
[WhiteElo "1505"]
[BlackElo "1313"]
[PlyCount "94"]
[EventDate "2018.11.18"]

1. d4 d5 2. c4 e5 3. dxe5 d4 4. Nf3 Nc6 5. g3 Be6 6. b3 Qd7 7. Bg2 g6 8. O-O
Bg7 9. Na3 Nge7 10. Bg5 Rd8 11. Nb5 a6 12. Bxe7 Qxe7 13. Nbxd4 Nxd4 14. Nxd4 c5
15. Nxe6 Rxd1 16. Nxg7+ Kf8 17. Ne6+ Qxe6 18. Rfxd1 Qxe5 19. Bxb7 a5 20. e3 Kg7
21. Rab1 Rb8 22. Bg2 Qc3 23. Bc6 Qc2 24. Ra1 Rb6 25. Bb5 Rf6 26. Rf1 Qb2 27. a4
Rxf2 28. Rxf2 Qxa1+ 29. Kg2 Qc3 30. Kf3 Qxb3 31. Re2 Qd3 32. Kf2 f5 33. Re1 Kf6
34. Re2 Kg5 35. h3 h5 36. h4+ Kg4 37. Bc6 Qd6 38. Bf3+ Kh3 39. Bg2+ Kh2 40. Kf1
Kxg3 41. Bd5 Kxh4 42. Kg1 Qe5 43. Rh2+ Kg5 44. Rg2+ Kf6 45. Kf2 h4 46. Kg1
Qxe3+ 47. Kh2 g5 0-1

[Event "Ïåðâåíñòâî Ìîñêâû ïî øàõìàòàì"]
[Site "Ìîñêâà, ÌÃÈÌÎ ïð. Âåðíàäñêîãî,"]
[Date "2018.11.24"]
[Round "8.6"]
[White "Anisimov, Yuri"]
[Black "Kropachev, Mikhail"]
[Result "1-0"]
[WhiteElo "1607"]
[BlackElo "1332"]
[PlyCount "89"]
[EventDate "2018.11.18"]

1. d4 d5 2. c4 c6 3. Nc3 Nf6 4. e3 e6 5. Nf3 Bb4 6. Bd3 Nbd7 7. O-O O-O 8. Qc2
h6 9. b3 b6 10. Bb2 Bb7 11. a3 Bd6 12. Rfd1 a5 13. cxd5 Nxd5 14. Nxd5 cxd5 15.
Rac1 Ba6 16. Bxa6 Rxa6 17. Qd3 Ra8 18. a4 Qe7 19. Rc6 Rac8 20. Rdc1 Rxc6 21.
Rxc6 Rb8 22. g3 Qf8 23. Qa6 Qe7 24. Bc3 Rf8 25. Qb5 Rb8 26. Ne5 Nxe5 27. dxe5
Bc5 28. Bxa5 Qd8 29. Bc3 Be7 30. Bd4 Bc5 31. Bxc5 bxc5 32. Qxc5 Kh7 33. b4 Qg5
34. Qd4 Qe7 35. Rc5 Qb7 36. Rb5 Qc7 37. Rxb8 Qxb8 38. b5 Qa8 39. Qb4 Qb8 40. b6
Qb7 41. a5 h5 42. h3 g6 43. Qb1 Kg7 44. a6 Qxa6 45. b7 1-0

[Event "Ïåðâåíñòâî Ìîñêâû ïî øàõìàòàì"]
[Site "Ìîñêâà, ÌÃÈÌÎ ïð. Âåðíàäñêîãî,"]
[Date "2018.11.24"]
[Round "8.7"]
[White "Savichev, Ivan"]
[Black "Pugach, Gleb"]
[Result "1/2-1/2"]
[WhiteElo "1453"]
[BlackElo "1548"]
[PlyCount "80"]
[EventDate "2018.11.18"]

1. e4 c5 2. Nf3 d6 3. d4 cxd4 4. Nxd4 Nf6 5. Nc3 g6 6. Be3 Bg7 7. Be2 O-O 8.
Qd2 Nc6 9. f3 Bd7 10. O-O-O Nxd4 11. Bxd4 Be6 12. g4 Qa5 13. Kb1 b5 14. Nd5 Qd8
15. Nxf6+ exf6 16. Bc3 Qb6 17. Qxd6 Rfb8 18. Qxb6 Rxb6 19. Bd4 Rb7 20. Be3 b4
21. Rd2 Bf8 22. Ba6 Rc7 23. Rhd1 Be7 24. Bf4 Rc5 25. Bb7 Re8 26. Bd6 Ra5 27.
Bd5 Bxd6 28. Bxe6 Bf4 29. Rd8 Kf8 30. Rxe8+ Kxe8 31. Bd7+ Ke7 32. h3 Rc5 33.
Ba4 Rc7 34. Rd4 Bd6 35. Bb3 Rd7 36. Rd3 h6 37. c3 a5 38. Kc2 g5 39. Rd5 Rc7 40.
Rd3 Be5 1/2-1/2

[Event "Ïåðâåíñòâî Ìîñêâû ïî øàõìàòàì"]
[Site "Ìîñêâà, ÌÃÈÌÎ ïð. Âåðíàäñêîãî,"]
[Date "2018.11.24"]
[Round "8.8"]
[White "Maranin, Sergey"]
[Black "Avetisyan, David"]
[Result "1-0"]
[WhiteElo "1370"]
[BlackElo "1254"]
[PlyCount "51"]
[EventDate "2018.11.18"]

1. d4 e6 2. Nf3 Nf6 3. c4 Bb4+ 4. Nc3 c5 5. e3 Nc6 6. Bd3 d5 7. O-O cxd4 8.
exd4 Be7 9. Bf4 a6 10. Rc1 h6 11. cxd5 Nxd5 12. Nxd5 Qxd5 13. Bb1 g5 14. Be5 f6
15. Bg3 h5 16. Bg6+ Kf8 17. Nd2 h4 18. Bc7 Qxd4 19. Nc4 Bc5 20. Qe2 Qd7 21. Bb6
Qe7 22. Be4 Nd4 23. Qd2 e5 24. Nxe5 Qxe5 25. Bxc5+ Kg7 26. Qxd4 1-0

[Event "Ïåðâåíñòâî Ìîñêâû ïî øàõìàòàì"]
[Site "Ìîñêâà, ÌÃÈÌÎ ïð. Âåðíàäñêîãî,"]
[Date "2018.11.24"]
[Round "8.9"]
[White "Sepiashvili, Ivan"]
[Black "Yusupov, Ilya"]
[Result "1-0"]
[WhiteElo "1636"]
[BlackElo "1461"]
[PlyCount "81"]
[EventDate "2018.11.18"]

1. e4 e6 2. d4 d5 3. Nc3 Nf6 4. e5 Nfd7 5. f4 c5 6. Nf3 Nc6 7. Be3 a6 8. Qd2 b5
9. Nd1 cxd4 10. Nxd4 Nxd4 11. Bxd4 Bc5 12. c3 Qc7 13. Ne3 Bb7 14. Be2 O-O 15.
O-O f6 16. Ng4 f5 17. Ne3 Be7 18. Kh1 Nc5 19. Bxc5 Bxc5 20. Nc2 Qb6 21. b4 Be7
22. Nd4 Bc8 23. Qe3 Qb7 24. g4 Bd8 25. gxf5 exf5 26. a4 bxa4 27. Rxa4 Bb6 28.
Rfa1 Bxd4 29. Qxd4 Qd7 30. Bxa6 Bxa6 31. Rxa6 Rxa6 32. Rxa6 Qb5 33. Ra1 Rd8 34.
Re1 Rc8 35. e6 Rc4 36. Qa7 h6 37. Qf7+ Kh7 38. Qxf5+ Kh8 39. e7 Re4 40. Qf8+
Kh7 41. e8=Q 1-0

[Event "Ïåðâåíñòâî Ìîñêâû ïî øàõìàòàì"]
[Site "Ìîñêâà, ÌÃÈÌÎ ïð. Âåðíàäñêîãî,"]
[Date "2018.11.24"]
[Round "8.10"]
[White "Tarasov, Lev"]
[Black "Sarkisyan, Sarkis"]
[Result "1-0"]
[WhiteElo "1323"]
[BlackElo "1327"]
[PlyCount "95"]
[EventDate "2018.11.18"]

1. d4 e6 2. c4 f5 3. g3 Nf6 4. Bg2 Bb4+ 5. Nd2 O-O 6. Nh3 d6 7. a3 Bxd2+ 8.
Bxd2 Nc6 9. e3 Qe7 10. Nf4 e5 11. Nd5 Qd8 12. Nxf6+ Qxf6 13. d5 Ne7 14. O-O Ng6
15. f4 exf4 16. Bc3 Qe7 17. exf4 Qe3+ 18. Kh1 Qe7 19. Re1 Qf7 20. Qd4 Bd7 21.
Re2 Rfe8 22. Rae1 Rxe2 23. Rxe2 Re8 24. Rxe8+ Bxe8 25. b4 Qe7 26. c5 Nf8 27.
cxd6 cxd6 28. Qxa7 Nd7 29. Qf2 Nf6 30. Bxf6 Qxf6 31. Qe1 Kf8 32. h3 Bf7 33. Qc1
b5 34. Kh2 Qe7 35. Qc8+ Be8 36. Qxf5+ Kg8 37. Qe6+ Qxe6 38. dxe6 Kf8 39. g4 Ke7
40. Bd5 Kf6 41. g5+ Kf5 42. Kg3 Bh5 43. Bc6 Kxe6 44. Bxb5 Kd5 45. Bd3 g6 46. f5
gxf5 47. Bxf5 Kc4 48. Bxh7 1-0

[Event "Ïåðâåíñòâî Ìîñêâû ïî øàõìàòàì"]
[Site "Ìîñêâà, ÌÃÈÌÎ ïð. Âåðíàäñêîãî,"]
[Date "2018.11.24"]
[Round "8.11"]
[White "Shadyev, Damir"]
[Black "Safinov, Artem"]
[Result "1-0"]
[WhiteElo "1250"]
[BlackElo "1452"]
[PlyCount "91"]
[EventDate "2018.11.18"]

1. e4 e6 2. d4 d5 3. Nc3 Nf6 4. e5 Nfd7 5. f4 c5 6. Nf3 Nc6 7. Be3 cxd4 8. Nxd4
Qb6 9. Na4 Qa5+ 10. c3 Nxd4 11. b4 Bxb4 12. Bd2 Be7 13. cxd4 Qd8 14. Bd3 O-O
15. O-O a6 16. Qh5 g6 17. Qg4 b5 18. Nc3 Nb6 19. Ne2 Nc4 20. Bc1 f5 21. Qf3 Bd7
22. g4 Nb6 23. Kh1 Rc8 24. gxf5 exf5 25. Rg1 Be6 26. Ng3 Nc4 27. Rg2 Qb6 28.
Be3 Nxe3 29. Qxe3 Bb4 30. Rag1 Be7 31. Ne2 a5 32. Qh3 Bd7 33. Qh6 Be8 34. Ng3
Qe6 35. Nh5 Rf7 36. Rxg6+ hxg6 37. Rxg6+ Qxg6 38. Qxg6+ Kf8 39. Bxf5 Rc1+ 40.
Kg2 Bh4 41. Be6 Rfc7 42. Qf5+ Ke7 43. Kh3 Bxh5 44. Kxh4 Bf3 45. Qf7+ Kd8 46.
Qf8# 1-0

[Event "Ïåðâåíñòâî Ìîñêâû ïî øàõìàòàì"]
[Site "Ìîñêâà, ÌÃÈÌÎ ïð. Âåðíàäñêîãî,"]
[Date "2018.11.24"]
[Round "8.12"]
[White "Urivskiy, Arseniy A"]
[Black "Matygin, Fedor"]
[Result "1-0"]
[WhiteElo "1234"]
[BlackElo "1242"]
[PlyCount "53"]
[EventDate "2018.11.18"]

1. e4 d6 2. d4 Nf6 3. Nc3 c6 4. f4 Nbd7 5. Nf3 e6 6. Bd3 Be7 7. O-O Nb6 8. Qe2
d5 9. e5 Nfd7 10. Nd1 c5 11. c3 c4 12. Bc2 f5 13. exf6 Nxf6 14. Ng5 Qd6 15. Re1
O-O 16. Nxe6 Re8 17. Ng5 Bg4 18. Qf2 h6 19. Nf3 Bf8 20. Ne3 Bxf3 21. Qxf3 Ne4
22. Ng4 Ng5 23. Qf2 Nf7 24. Ne5 Nxe5 25. fxe5 Qe6 26. Bf5 Qf7 27. Bh7+ 1-0

[Event "Ïåðâåíñòâî Ìîñêâû ïî øàõìàòàì"]
[Site "Ìîñêâà, ÌÃÈÌÎ ïð. Âåðíàäñêîãî,"]
[Date "2018.11.24"]
[Round "8.13"]
[White "Korolev, Nikolay"]
[Black "Kalashnikov, Mikhail"]
[Result "1-0"]
[WhiteElo "1639"]
[BlackElo "1252"]
[PlyCount "73"]
[EventDate "2018.11.18"]

1. d4 Nf6 2. c4 g6 3. Nf3 Bg7 4. g3 O-O 5. Bg2 d6 6. O-O Nbd7 7. Nc3 c5 8. e4
Qc7 9. h3 cxd4 10. Qxd4 Ng4 11. Qd2 Nge5 12. b3 Nxf3+ 13. Bxf3 Ne5 14. Bg2 Bxh3
15. Nd5 Qd8 16. Bb2 Bxg2 17. Kxg2 e6 18. Ne3 Qf6 19. Qe2 Qe7 20. Rh1 f5 21.
exf5 exf5 22. Nd5 Qd7 23. Rh3 Rae8 24. Qd2 Qc6 25. Rah1 f4 26. gxf4 Nxc4 27.
bxc4 Bxb2 28. Qxb2 Qxc4 29. Nf6+ Rxf6 30. Qxf6 Qd5+ 31. Kh2 Qxa2 32. Qh4 h5 33.
Qg3 Kh7 34. Rc1 Re7 35. Rg1 Rg7 36. Rxh5+ gxh5 37. Qxg7# 1-0

[Event "Ïåðâåíñòâî Ìîñêâû ïî øàõìàòàì"]
[Site "Ìîñêâà, ÌÃÈÌÎ ïð. Âåðíàäñêîãî,"]
[Date "2018.11.24"]
[Round "8.14"]
[White "Grunin, Denis"]
[Black "Razhbadinov, Rasul"]
[Result "0-1"]
[WhiteElo "1415"]
[BlackElo "1529"]
[PlyCount "64"]
[EventDate "2018.11.18"]

1. d4 d5 2. c4 e6 3. g3 Nf6 4. Bg2 Be7 5. Nf3 O-O 6. O-O c6 7. Nc3 Nbd7 8. Qd3
b6 9. Ne5 Nxe5 10. dxe5 Nd7 11. f4 Ba6 12. b3 Rc8 13. Rd1 Qc7 14. e3 Rfd8 15.
Qe2 c5 16. Rxd5 f6 17. Bb2 fxe5 18. fxe5 Qb8 19. Rxd7 Rxd7 20. Qg4 Qxe5 21. Nd1
Rxd1+ 22. Rxd1 Qxe3+ 23. Kh1 Bf8 24. Bc1 Qe5 25. Bf4 Qf6 26. Re1 Re8 27. Bc6
Re7 28. Bg5 Qf2 29. Qe4 Rf7 30. Qxe6 h6 31. Be3 Qxe1+ 32. Kg2 Qf1# 0-1

[Event "Ïåðâåíñòâî Ìîñêâû ïî øàõìàòàì"]
[Site "Ìîñêâà, ÌÃÈÌÎ ïð. Âåðíàäñêîãî,"]
[Date "2018.11.24"]
[Round "8.15"]
[White "Dneprov, Andrey"]
[Black "Sokolov, Egor"]
[Result "1/2-1/2"]
[WhiteElo "1344"]
[BlackElo "1429"]
[PlyCount "94"]
[EventDate "2018.11.18"]

1. c4 Nf6 2. d4 g6 3. Nc3 Bg7 4. e4 d6 5. f3 O-O 6. Be3 e5 7. dxe5 dxe5 8. Qxd8
Rxd8 9. Nd5 Nxd5 10. cxd5 c6 11. Bc4 cxd5 12. Bxd5 Nc6 13. O-O-O Bd7 14. Bg5
Rf8 15. Ne2 h6 16. Be3 Rac8 17. Kb1 b6 18. Nc3 Nb4 19. Bb3 Bc6 20. a3 Na6 21.
Nd5 Bxd5 22. Bxd5 Nc5 23. Bxc5 Rxc5 24. Rc1 Rfc8 25. Rxc5 Rxc5 26. Rc1 Rxc1+
27. Kxc1 Kf8 28. Kd2 Ke7 29. Kc3 f6 30. Kc4 Kd6 31. Kb5 Kc7 32. Ka6 Kb8 33. Kb5
Kc7 34. b4 Bf8 35. a4 a6+ 36. Kc4 a5 37. bxa5 bxa5 38. Bf7 g5 39. Kd5 Kd7 40.
Be6+ Ke8 41. Bf5 Kf7 42. Be6+ Kg7 43. Kc6 Bb4 44. Kd7 Be1 45. Bd5 Bb4 46. Ke6
Kg6 47. Bc6 Be1 1/2-1/2

[Event "Ïåðâåíñòâî Ìîñêâû ïî øàõìàòàì"]
[Site "Ìîñêâà, ÌÃÈÌÎ ïð. Âåðíàäñêîãî,"]
[Date "2018.11.24"]
[Round "8.16"]
[White "Tetyuev, Stepan"]
[Black "Asatryan, Leon"]
[Result "0-1"]
[WhiteElo "1431"]
[BlackElo "1618"]
[PlyCount "96"]
[EventDate "2018.11.18"]

1. e4 e6 2. d4 d5 3. Nd2 c5 4. Ngf3 c4 5. c3 Nf6 6. exd5 exd5 7. Be2 Bd6 8. Ne5
Qa5 9. Ndf3 O-O 10. Qc2 Nc6 11. O-O Qc7 12. Nxc6 bxc6 13. Bg5 Ne4 14. Bxc4
Bxh2+ 15. Nxh2 Nxg5 16. Bd3 f5 17. Rae1 Ne4 18. Nf3 Qf4 19. Bxe4 fxe4 20. Ne5
Ba6 21. c4 Rf6 22. g3 Qg5 23. Qa4 Qh5 24. Kg2 Bxc4 25. Rh1 Qf5 26. Qc2 Raf8 27.
Nxc4 Qxf2+ 28. Qxf2 Rxf2+ 29. Kh3 dxc4 30. Rxe4 Rxb2 31. Rc1 Rxa2 32. Rxc4 Rf6
33. Re7 h6 34. Rb7 Ra3 35. Rb8+ Kh7 36. Rb2 Rg6 37. Rg2 Rd3 38. Ra4 Rd6 39.
Rxa7 R6xd4 40. Rc7 Rd6 41. Rc2 Rg6 42. Rg2 Rc3 43. Kh4 Rc4+ 44. g4 Rc1 45. Kg3
h5 46. Rh2 Rxg4+ 47. Kf3 Rc3+ 48. Ke2 Rc2+ 0-1

[Event "Ïåðâåíñòâî Ìîñêâû ïî øàõìàòàì"]
[Site "Ìîñêâà, ÌÃÈÌÎ ïð. Âåðíàäñêîãî,"]
[Date "2018.11.24"]
[Round "8.17"]
[White "Azimov, Timur"]
[Black "Zatsepin, Egor"]
[Result "0-1"]
[WhiteElo "1408"]
[BlackElo "1191"]
[PlyCount "86"]
[EventDate "2018.11.18"]

1. e4 c6 2. d4 d5 3. Nc3 dxe4 4. Nxe4 Bf5 5. Ng3 Bg6 6. Nf3 Nd7 7. Bd3 Bxd3 8.
Qxd3 e6 9. O-O Bd6 10. c4 Ngf6 11. Bd2 O-O 12. Rae1 Qc7 13. a3 b5 14. c5 Bf4
15. Bxf4 Qxf4 16. Ne4 Nxe4 17. Rxe4 Qc7 18. Ng5 Nf6 19. Rh4 h6 20. Ne4 Nxe4 21.
Qxe4 Rfd8 22. Re1 Rd5 23. Qe3 Rad8 24. Rg4 Kh8 25. b4 Qd7 26. Rd1 e5 27. Qg3 f5
28. Rh4 Rxd4 29. Rdxd4 exd4 30. Qd3 Qe7 31. Rf4 g6 32. Rh4 Kg7 33. Rf4 Qe6 34.
h3 Qc4 35. Rf3 Qxd3 36. Rxd3 Kf6 37. Kf1 Ke5 38. Ke2 Kd5 39. Kd2 Kc4 40. Ke2 a5
41. bxa5 Kxc5 42. Rf3 Kd5 43. Rf4 c5 0-1

[Event "Ïåðâåíñòâî Ìîñêâû ïî øàõìàòàì"]
[Site "Ìîñêâà, ÌÃÈÌÎ ïð. Âåðíàäñêîãî,"]
[Date "2018.11.24"]
[Round "8.18"]
[White "Urusov, German"]
[Black "Voronin, Nikita"]
[Result "1-0"]
[WhiteElo "1331"]
[BlackElo "1358"]
[PlyCount "57"]
[EventDate "2018.11.18"]

1. d4 c6 2. c4 e6 3. Nf3 Nf6 4. g3 Be7 5. Bg2 O-O 6. O-O d5 7. Nc3 b6 8. Nd2 b5
9. cxb5 cxb5 10. a3 a6 11. e4 Bb7 12. b4 dxe4 13. Ndxe4 Nd5 14. Nc5 Bxc5 15.
dxc5 Qf6 16. Nxd5 Qxa1 17. Ne7+ Kh8 18. Bxb7 Ra7 19. Qf3 Qf6 20. Qxf6 gxf6 21.
Bh6 Re8 22. c6 Rxb7 23. cxb7 Rxe7 24. Rc1 Re8 25. Rc8 Rg8 26. Rxg8+ Kxg8 27.
Be3 Kf8 28. Ba7 Nc6 29. b8=Q+ 1-0

[Event "Ïåðâåíñòâî Ìîñêâû ïî øàõìàòàì"]
[Site "Ìîñêâà, ÌÃÈÌÎ ïð. Âåðíàäñêîãî,"]
[Date "2018.11.24"]
[Round "8.20"]
[White "Panichkin, Aleksey"]
[Black "Mishin, Matvey"]
[Result "1/2-1/2"]
[WhiteElo "1233"]
[BlackElo "1319"]
[PlyCount "63"]
[EventDate "2018.11.18"]

1. e4 e5 2. Nf3 Nc6 3. Bb5 a6 4. Ba4 Nf6 5. d3 b5 6. Bb3 Be7 7. Nbd2 O-O 8. c3
d5 9. O-O Bg4 10. h3 Bh5 11. Re1 d4 12. Qc2 h6 13. cxd4 Nxd4 14. Nxd4 Qxd4 15.
Qc3 Bc5 16. Qxd4 Bxd4 17. Bc2 c5 18. Nb3 a5 19. Nxd4 cxd4 20. a4 b4 21. Bb3
Rac8 22. f4 Nd7 23. Bc4 Kh8 24. b3 f6 25. f5 Bf7 26. Bb2 Bxc4 27. bxc4 Nc5 28.
Red1 Rc7 29. Kh1 Kg8 30. Kg1 Kh8 31. Kh1 Kg8 32. Kg1 1/2-1/2